000 00530nam a2200205 a 4500
005 20240925063946.0
008 020116s1992 r 000 0 eng d
020 _a8432129232
035 _aUPN01000114617
049 _aCG
050 4 _aBD115
_bF6.4
100 1 _aForment, Eudaldo
245 1 0 _aLecciones de metafísica /
_cEudaldo Forment.
260 _aMadrid :
_bRialp,
_cc1992.
300 _a374 p.
440 0 _aManuales universitarios
650 4 _aMetafísica
_916172
650 4 _aFilosofía
_95327
905 _aLibro
999 _c88522
_d88522